Partnering in the public sector: a toolkit for the implementation of post award, project specific partnering on construction projects. (Record no. 96835)

MARC details
000 -LEADER
fixed length control field 00977cam a2200241 4500
008 - FIXED-LENGTH DATA ELEMENTS--GENERAL INFORMATION
fixed length control field 090401t1997 xxu||||| |||| 00| 0 eng d
020 ## - INTERNATIONAL STANDARD BOOK NUMBER
International Standard Book Number 1873844344
035 ## - SYSTEM CONTROL NUMBER
System control number (Sirsi) u82804
041 ## - LANGUAGE CODE
Language code of text/sound track or separate title eng
050 ## - LIBRARY OF CONGRESS CALL NUMBER
Classification number 692.8
110 ## - MAIN ENTRY--CORPORATE NAME
Corporate name or jurisdiction name as entry element European Construction Institute
9 (RLIN) 3313
245 ## - TITLE STATEMENT
Title Partnering in the public sector: a toolkit for the implementation of post award, project specific partnering on construction projects.
260 ## - PUBLICATION, DISTRIBUTION, ETC.
Place of publication, distribution, etc. Loughborough
Name of publisher, distributor, etc. European Construction Institute
Date of publication, distribution, etc. 1997
300 ## - PHYSICAL DESCRIPTION
Extent iv,45p. ; 30cm.
350 ## - PRICE (NR) (BK AM CF MU VM SE) [OBSOLETE]
Price 30
520 ## - SUMMARY, ETC.
Summary, etc. After an introduction to the concept of partnering , the toolkit provides a step-by-step guide to each of the elements in partnering and concludes with an examination of training needs. Commissioned by the Construction Sponsorship Directorate of the DoE.
650 ## - SUBJECT ADDED ENTRY--TOPICAL TERM
Topical term or geographic name entry element CONSTRUCTION INDUSTRY
650 ## - SUBJECT ADDED ENTRY--TOPICAL TERM
Topical term or geographic name entry element PARTNERING
650 ## - SUBJECT ADDED ENTRY--TOPICAL TERM
Topical term or geographic name entry element PUBLIC SECTOR
690 ## - LOCAL SUBJECT ADDED ENTRY--TOPICAL TERM (OCLC, RLIN)
Topical term or geographic name as entry element BUILT ENVIRONMENT
942 ## - ADDED ENTRY ELEMENTS (KOHA)
Suppress in OPAC 0
948 ## - LOCAL PROCESSING INFORMATION (OCLC); SERIES PART DESIGNATOR (RLIN)
c (OCLC) 19/12/1997
Holdings
Withdrawn status Lost status Source of classification or shelving scheme Damaged status Not for loan Home library Current library Shelving location Date acquired Cost, normal purchase price Total Checkouts Full call number Barcode Date last seen Date last checked out Copy number Cost, replacement price Price effective from Koha item type
    Dewey Decimal Classification     London London Folio 06/02/1998 30.00 22 F692.8 30054999 06/08/2019 24/04/2007 1 30.00 06/08/2019 Book